000 00832nam a2200265Ia 4500
003 OSt
005 20220927104744.0
006 a|||||r|||| 00| 0
007 ta
008 220926b |||||||| |||| 00| 0 eng d
024 _a138777
037 _cReference Collections
040 _aRTL
_cRTL
_beng
041 _2eng
_aeng
082 _a"V1:1954.N9, N2/UN"
100 _aSur Serge Ed.
_9367123
245 0 _aDisarmament and limitation of armaments
_b Unilateral measures and policies
260 _aGeneva
_bUnited Nations
_c1992
300 _a94p.
_ccm.
500 _a"United Nations, Institute for Disarmament Research, Publication"
650 _a History
650 _aForeign Policy-World
_9367124
942 _h"V1:1954.N9, N2/UN"
_cCC
999 _c688557
_d688557